Catálogo
 En Linea
Vista normal Vista MARC

Entrada Nombre personal

Número de registros utilizados en: 1

001 - NÚMERO DE CONTROL

  • campo de control: 65928

003 - IDENTIFICADOR DEL NÚMERO DE CONTROL

  • campo de control: DO-SdBNP

005 - FECHA Y HORA DE LA ÚLTIMA TRANSACCIÓN

  • campo de control: 20250120090144.0

008 - DATOS DE LONGITUD FIJA

  • campo de control de longitud fija: 200615|| aca||aabn | a|a d

010 ## - NÚMERO DE CONTROL DE LA BIBLIOTECA DEL CONGRESO

  • Número de control de LC: n 78016042

040 ## - FUENTE DE LA CATALOGACIÓN

  • Centro catalogador/agencia de origen: OSt
  • Centro/agencia transcriptor: OSt

100 1# - ENCABEZAMIENTO-NOMBRE DE PERSONA

  • Nombre de persona: Rodríguez García, Arismendy

370 ## - LUGAR ASOCIADO

  • Lugar de nacimiento: Santiago Rodríguez (República Dominicana)

372 ## - CAMPO DE ACTIVIDAD

  • Campo de actividad: Abogado

374 ## - OCUPACIÓN

  • Ocupación: Docente de las asignaturas de Filosofía y Lógica Jurídica, Introducción al Derecho, Derecho Político y Constitucional
  • Ocupación: Director del Departamento de Biblioteca
  • Ocupación: Director del Departamento de Biblioteca y Director del Departamento de Publicaciones de la UAPA

375 ## - GÉNERO/SEXO

  • Género/Sexo: Masculino

377 ## - LENGUA/LENGUAJE ASOCIADO

  • Código del idioma: spa

400 1# - TRAZADO DE VÉASE--NOMBRE DE PERSONA

  • Nombre de persona: Rodríguez García, Arismendy

670 ## - FUENTE DE DATOS ENCONTRADOS

  • Cita de la fuente: Work cat.: (OSt)39224: Rodríguez García, Arismendy, Teoría y justicia constitucional :, 2013.

Con tecnología Koha